ARRUPE JESUIT UNIVERSITY

CORONAVIRUS -STOP THE SPREAD - CLEAN,DISINFECT,COVER

Raising children for success : (Record no. 126977)

MARC details
000 -LEADER
fixed length control field 00931cam a2200277 a 4500
001 - CONTROL NUMBER
control field 2407752
003 - CONTROL NUMBER IDENTIFIER
control field ARRUPE
005 - DATE AND TIME OF LATEST TRANSACTION
control field 20170922110510.0
008 - FIXED-LENGTH DATA ELEMENTS--GENERAL INFORMATION
fixed length control field 860702s1987 caua b 000 0 eng
010 ## - LIBRARY OF CONGRESS CONTROL NUMBER
LC control number 86062001
020 ## - INTERNATIONAL STANDARD BOOK NUMBER
International Standard Book Number 0960689648 (pbk.) :
Terms of availability $7.95
040 ## - CATALOGING SOURCE
Original cataloging agency DLC
Transcribing agency DLC
Modifying agency DLC
050 00 - LIBRARY OF CONGRESS CALL NUMBER
Classification number HQ769
Item number .G64 1987
082 00 - DEWEY DECIMAL CLASSIFICATION NUMBER
Classification number 649.1
Edition number 19
300 ## - PHYSICAL DESCRIPTION
Other physical details ill. ;
Dimensions 22 cm.
100 1# - MAIN ENTRY--PERSONAL NAME
Personal name Glenn, H. Stephen.
9 (RLIN) 36024
245 10 - TITLE STATEMENT
Title Raising children for success :
Remainder of title blueprints and building blocks for developing capable people /
Statement of responsibility, etc by H. Stephen Glenn, with Jane Nelsen.
260 ## - PUBLICATION, DISTRIBUTION, ETC. (IMPRINT)
Place of publication, distribution, etc Fair Oaks, Calif. :
Name of publisher, distributor, etc Sunrise Press,
Date of publication, distribution, etc c1987.
300 ## - PHYSICAL DESCRIPTION
Extent 210 p. :
504 ## - BIBLIOGRAPHY, ETC. NOTE
Bibliography, etc Bibliography: p. 207-210.
650 #0 - SUBJECT ADDED ENTRY--TOPICAL TERM
Topical term or geographic name as entry element Child rearing.
9 (RLIN) 36123
650 #0 - SUBJECT ADDED ENTRY--TOPICAL TERM
Topical term or geographic name as entry element Child development.
9 (RLIN) 36124
650 #0 - SUBJECT ADDED ENTRY--TOPICAL TERM
Topical term or geographic name as entry element Self-reliance in children.
9 (RLIN) 36121
650 #0 - SUBJECT ADDED ENTRY--TOPICAL TERM
Topical term or geographic name as entry element Success.
9 (RLIN) 36125
700 1# - ADDED ENTRY--PERSONAL NAME
Personal name Nelsen, Jane.
9 (RLIN) 36025
906 ## - LOCAL DATA ELEMENT F, LDF (RLIN)
a 7
b cbc
c orignew
d 3
e opcn
f 19
g y-gencatlg
942 ## - ADDED ENTRY ELEMENTS (KOHA)
Source of classification or shelving scheme Library of Congress Classification
Koha item type Monograph ( Printed materials)
Holdings
Withdrawn status Lost status Source of classification or shelving scheme Damaged status Not for loan Collection code Home library Current library Shelving location Date acquired Total Checkouts Full call number Barcode Date last seen Price effective from Koha item type
    Library of Congress Classification     Main Collection ARRUPE LIBRARY ARRUPE LIBRARY Main Collection 22/09/2017   HQ769 .G64 1987 46500027780 30/04/2018 22/09/2017 Monograph ( Printed materials)

 

Arrupe Library. PO Box MP320 Mt Pleasant, Harare, Zimbabwe
263 242 745411|librarian@aju.ac.zw